BUBT Library Online Catalog

Business Communications;international case studies in English (Record no. 486)

000 -LEADER
fixed length control field 00713nam a22002297a 4500
008 - FIXED-LENGTH DATA ELEMENTS--GENERAL INFORMATION
fixed length control field 130618b xxu||||| |||| 00| 0 eng d
020 ## - INTERNATIONAL STANDARD BOOK NUMBER
International Standard Book Number 0-521-65751-2
024 ## - OTHER STANDARD IDENTIFIER
Terms of availability available
037 ## - SOURCE OF ACQUISITION
Stock number 187
Form of issue available
040 ## - CATALOGING SOURCE
Original cataloging agency MBSTU Library
Modifying agency MBSTU Library
082 ## - DEWEY DECIMAL CLASSIFICATION NUMBER
Edition number 22
Classification number 808.042 ROB
100 ## - MAIN ENTRY--PERSONAL NAME
Personal name Rodgers, Drew
245 ## - TITLE STATEMENT
Title Business Communications;international case studies in English
260 ## - PUBLICATION, DISTRIBUTION, ETC. (IMPRINT)
Place of publication, distribution, etc. New York
Name of publisher, distributor, etc. Cambridge University
Date of publication, distribution, etc. 2002
300 ## - PHYSICAL DESCRIPTION
Extent 16.5 cm
Other physical details 153 page
Size of unit 16.5 cm
600 ## - SUBJECT ADDED ENTRY--PERSONAL NAME
Personal name Rhetoric in English
700 ## - ADDED ENTRY--PERSONAL NAME
Personal name Rodgers, Drew
270 ## - ADDRESS
Address New York
City New York
Country USA
365 ## - TRADE PRICE
Price amount 1388.00
Unit of pricing 1388.00
942 ## - ADDED ENTRY ELEMENTS (KOHA)
Source of classification or shelving scheme
Koha item type Books

No items available.

More Information About Library

Library Hours

  • Open: 9.00 am. to 9.00 pm.
  • Only Sunday: 9.00 am. to 6.00 pm.
  • Closed: Holiday

Contact to the University

Bangladesh University of Business and Technology Library

  • Mirpurl-2, 1216.
  • Phone:
  • Fax:
  • E-Mail: admin.library@bubt.edu.bd

Contact to the Library

Contact Person:

Md. Abdul Hakim Shah
Joint Librarian
PABX No:  113
Cell No: 01816332931
E-mail: official: admin.library@bubt.edu.bd
Personal: hakim.shah@bubt.edu.bd


BUBT Library

Copyright © 2021